[Event "POHÁR města Říčany 2024"]
[Site "Městské kulturní středisko U labutě"]
[Date "2024.07.05"]
[Round "8.3"]
[White "Crha, Ondrej"]
[Black "Walek, Petr"]
[Result "1/2-1/2"]
[WhiteElo "2171"]
[BlackElo "2294"]
[WhiteFideId "307220"]
[BlackFideId "339393"]
[PlyCount "0"]
[EventDate "2024.06.29"]

1. e4 c6 2. d4 d5 3. exd5 cxd5 4. c4 Nf6 5. Nc3 Nc6 6. Bg5 Be6 7. Nf3 g6
8. Bxf6 exf6 9. c5 Bg7 10. Bb5 O-O 11. O-O Bg4 12. Bxc6 bxc6 13. h3 Bxf3
14. Qxf3 Rb8 15. b3 f5 16. Rad1 Re8 17. Rd3 Re4 18. Rfd1 Rb4 19. Ne2 Qa5
20. R3d2 Qa6 21. Qc3 Rb8 22. Ng3 Re7 23. Qd3 Qxd3 24. Rxd3 f4 25. Nf1 Re4 26. f3
Re2 27. a3 a5 28. R1d2 Re1 29. Rb2 Ra1 30. b4 axb4 31. axb4 Ra4 32. Nd2 Bf6
33. Kf1 Rbxb4 34. Rxb4 Rxb4 35. Nb3 Ra4 36. Rd2 Kg7 37. Ke2 Kh6 38. Kd3 Kg5
39. Re2 Ra3 40. Kc3 Ra8 41. Kb4 Bd8 42. Re8 Kh4 43. Rf8 Ba5+ 44. Nxa5 Rxf8
45. Nxc6 Kg3 46. Ne7 Kxg2 47. Nxd5 Kxf3 48. c6 Ke4 49. Kc5 f3 50. Nf6+ Kf5
51. Ng4 h5 52. Ne3+ Ke6 53. d5+ Ke7 54. d6+ Ke6 55. d7 f2 56. Kb6 f5 57. Kc7 Ke7
58. Nd5+ Kf7 59. Ne3 f4 60. Nf1 Ke6 61. h4 Rd8 1/2-1/2

[Event "POHÁR města Říčany 2024"]
[Site "Městské kulturní středisko U labutě"]
[Date "2024.07.05"]
[Round "8.4"]
[White "Rut, Vojtech"]
[Black "Verner, Matej"]
[Result "1-0"]
[WhiteElo "2028"]
[BlackElo "2043"]
[WhiteFideId "333190"]
[BlackFideId "23729236"]
[PlyCount "0"]
[EventDate "2024.06.29"]

1. e4 c5 2. Nf3 Nc6 3. d4 cxd4 4. Nxd4 e5 5. Nb5 d6 6. c4 Be6 7. Bd3 g6 8. O-O
Rc8 9. N1c3 a6 10. Na3 Bg7 11. Nc2 Nf6 12. b3 O-O 13. Be3 b5 14. cxb5 Na7 15. b6
Rxc3 16. bxa7 Qa8 17. Qd2 Rxd3 18. Qxd3 Nxe4 19. Qxa6 Rc8 20. Rfc1 {pro
necitelnost ukonceno} 1-0

[Event "POHÁR města Říčany 2024"]
[Site "Městské kulturní středisko U labutě"]
[Date "2024.07.05"]
[Round "8.5"]
[White "Hlavina, Matous"]
[Black "Petras, Milan"]
[Result "1-0"]
[WhiteElo "2231"]
[BlackElo "1977"]
[WhiteFideId "386650"]
[BlackFideId "306665"]
[PlyCount "0"]
[EventDate "2024.06.29"]

1. d4 Nf6 2. Nc3 e6 3. e4 d5 4. Bg5 Bb4 5. e5 h6 6. Bd2 Bxc3 7. bxc3 Ne4 8. Qg4
Kf8 9. Bc1 c5 10. Ne2 f5 11. Qg6 Qe8 12. Qxe8+ Kxe8 13. h4 Nc6 14. f3 Nxc3
15. Nxc3 Nxd4 16. Kd1 Nc6 17. f4 h5 18. Nb5 Kd7 19. Rh3 c4 20. Rg3 Rh7 21. Rb1
a6 22. Nd6 b5 23. Rg5 Ne7 24. Ba3 d4 25. Bc5 Nd5 26. Bxd4 Nxf4 27. g3 Nd5
28. Bg2 Kc6 29. g4 Rb8 30. Nxc4 Bd7 31. Ne3 Kc7 32. Bxd5 exd5 33. Nxd5+ Kd8
34. Rg6 a5 35. e6 1-0

[Event "POHÁR města Říčany 2024"]
[Site "Městské kulturní středisko U labutě"]
[Date "2024.07.05"]
[Round "8.6"]
[White "Vysinsky, Otakar"]
[Black "Topencik, Bruno"]
[Result "1/2-1/2"]
[WhiteElo "1941"]
[BlackElo "2070"]
[WhiteFideId "23719818"]
[BlackFideId "23716550"]
[PlyCount "0"]
[EventDate "2024.06.29"]

1. c4 e5 2. Nc3 Nf6 3. g3 d5 4. cxd5 Nxd5 5. Bg2 Nb6 6. Nf3 Nc6 7. O-O Be7
8. d3 O-O 9. Be3 Re8 10. d4 exd4 11. Nxd4 Nxd4 12. Bxd4 c6 13. b3 Bf6 14. Bxf6
Qxf6 15. Qc2 Qe7 16. Rad1 Be6 17. Rd2 a5 18. Rfd1 h6 19. Rd4 Red8 20. Qd2 Rxd4
21. Qxd4 Qb4 22. e3 Qxd4 23. Rxd4 Kf8 24. Kf1 Ke7 25. Ke2 Rd8 26. Rxd8 Kxd8
27. Kd3 Kc7 28. Ne2 Nd7 29. f4 b5 30. Nd4 Nc5+ 31. Kc2 Bd7 32. a3 Ne6 33. Kc3 c5
34. Nxe6+ Bxe6 35. b4 Kb6 36. e4 Bc4 37. Bf3 cxb4+ 38. axb4 a4 39. Bd1 a3 40. h4
Kc6 41. Bf3 Kd6 42. h5 Ke6 43. Bg4+ Ke7 44. Bf3 Kf6 45. Bg4 g6 46. hxg6 Kxg6
47. Bf3 f6 48. Bg4 Kf7 49. Bh5+ Ke6 50. Bg4+ Kd6 51. Bh5 Bd3 52. Bf3 Bc4 1/2-1/2

[Event "POHÁR města Říčany 2024"]
[Site "Městské kulturní středisko U labutě"]
[Date "2024.07.05"]
[Round "8.7"]
[White "Hejsek, Lukas"]
[Black "Pressler, Tobias"]
[Result "1/2-1/2"]
[WhiteElo "2029"]
[BlackElo "2005"]
[WhiteFideId "393860"]
[BlackFideId "23715359"]
[PlyCount "0"]
[EventDate "2024.06.29"]

1. d4 Nf6 2. Nf3 e6 3. c4 Bb4+ 4. Bd2 Qe7 5. g3 Nc6 6. Bg2 Bxd2+ 7. Nbxd2 O-O
8. O-O d6 9. Qc2 e5 10. e3 Bg4 11. h3 Bh5 12. d5 Nb8 13. Nh4 Bg6 14. Nxg6 hxg6
15. b4 a5 16. a3 Na6 17. Qc3 Nd7 18. Nb3 a4 19. Nd2 f5 20. Rae1 e4 21. f4 c6
22. dxc6 bxc6 23. g4 d5 24. g5 c5 25. b5 Nc7 26. Rf2 Qd6 27. cxd5 Nxd5 28. Qc1
N7b6 29. Bf1 Nc7 30. Nc4 Nxc4 {prokazatelne napsan nemozny tah} 1/2-1/2

[Event "POHÁR města Říčany 2024"]
[Site "Městské kulturní středisko U labutě"]
[Date "2024.07.05"]
[Round "8.8"]
[White "Novak, Jindrich"]
[Black "Bezdek, Tomas"]
[Result "0-1"]
[WhiteElo "2010"]
[BlackElo "1958"]
[WhiteFideId "307874"]
[BlackFideId "23733551"]
[PlyCount "0"]
[EventDate "2024.06.29"]

1. d4 e6 2. Nf3 Nf6 3. Bg5 h6 4. Bf4 c5 5. c3 Qb6 6. Qb3 d5 7. Qxb6 axb6
8. Bxb8 Rxb8 9. e3 Bd6 10. Nbd2 Bd7 11. Bd3 Bc6 12. O-O O-O 13. Rfe1 b5 14. dxc5
Bxc5 15. a3 Ne8 16. Nb3 Bd6 17. Nfd4 Nc7 18. e4 Ra8 19. exd5 Bxd5 20. Be4 Bxe4
21. Rxe4 f5 22. Re2 Kf7 23. Rae1 Rfe8 24. g3 Kf6 25. f4 g5 26. fxg5+ hxg5
27. Nf3 e5 28. Rd1 Re6 29. Red2 Ne8 30. Kg2 g4 31. Ne1 f4 32. Nc2 f3+ 33. Kf1
Ra4 34. Ne3 Kg5 35. Rd5 Re4 36. Kf2 Rh6 37. Nd2 Rxh2+ 38. Kg1 Rxd2 39. R1xd2
Rxe3 40. Rxd6 Nxd6 41. Rxd6 Re1+ 42. Kf2 Re2+ 43. Kf1 Rxb2 44. Rb6 e4 45. c4 e3
46. Rxb5+ Rxb5 47. cxb5 Kf5 48. a4 Ke6 49. a5 Kd6 50. a6 bxa6 0-1

[Event "POHÁR města Říčany 2024"]
[Site "Městské kulturní středisko U labutě"]
[Date "2024.07.05"]
[Round "8.9"]
[White "Korniichuk, Oleksandra"]
[Black "Novotny, David"]
[Result "1-0"]
[WhiteElo "1956"]
[BlackElo "2034"]
[WhiteFideId "14155656"]
[BlackFideId "374083"]
[PlyCount "0"]
[EventDate "2024.06.29"]

1. e4 c5 2. Nf3 Nc6 3. d4 cxd4 4. Nxd4 g6 5. Be3 Bg7 6. Nc3 Nf6 7. Bc4 Qa5
8. O-O d6 9. h3 O-O 10. a3 Bd7 11. Nb3 Qd8 12. Qd2 Rc8 13. Bh6 Bxh6 14. Qxh6 Ne5
15. Be2 Nc4 16. Bxc4 Rxc4 17. Qe3 a6 18. Rad1 Qc7 19. Nd2 Rc6 20. Nf3 Rc8
21. Qh6 Rxc3 22. bxc3 Qxc3 23. Ng5 Bb5 24. Rfe1 Rc5 25. f4 Qxc2 26. e5 Bc6
27. Nf3 Ne4 28. Qh4 d5 29. Nd4 Qa4 30. Qxe7 Bd7 31. e6 Bxe6 32. Nxe6 fxe6
33. Qxe6+ Kg7 34. Rxd5 Rxd5 35. Qxd5 Nf6 36. Re7+ Kh6 37. Qg5# 1-0

[Event "POHÁR města Říčany 2024"]
[Site "Městské kulturní středisko U labutě"]
[Date "2024.07.05"]
[Round "8.10"]
[White "Pisar, Tomas"]
[Black "Svoboda, Daniel"]
[Result "*"]
[WhiteElo "1971"]
[BlackElo "1922"]
[WhiteFideId "23701501"]
[BlackFideId "23718684"]
[PlyCount "0"]
[EventDate "2024.06.29"]

1. d4 Nf6 2. Nf3 g6 3. g3 Bg7 4. Bg2 O-O 5. O-O d5 6. c4 dxc4 7. Ne5 Ng4
8. Nxg4 Bxg4 9. Bxb7 Nd7 10. Bxa8 Qxa8 11. f3 Bh3 12. Rf2 c5 13. Be3 cxd4
14. Bxd4 Qd5 15. e3 e5 16. Nc3 Qb7 17. Ne4 exd4 18. exd4 Qb6 19. Rd2 Bh6 20. Kf2
Re8 21. Qa4 {Skonceno pro necitelnost.} *

[Event "POHÁR města Říčany 2024"]
[Site "Městské kulturní středisko U labutě"]
[Date "2024.07.05"]
[Round "8.11"]
[White "Ocelak, David"]
[Black "Hosova, Sandra"]
[Result "1-0"]
[WhiteElo "1815"]
[BlackElo "1808"]
[WhiteFideId "23728795"]
[BlackFideId "397717"]
[PlyCount "0"]
[EventDate "2024.06.29"]

1. e4 c5 2. Nf3 Nc6 3. Bb5 a6 4. Bxc6 bxc6 5. O-O g6 6. d3 Bg7 7. c3 d5 8. Be3
d4 9. Bd2 Nf6 10. h3 O-O 11. Qc2 Qc7 12. Na3 a5 13. Nc4 Nd7 14. Rac1 Ba6
15. cxd4 Rfb8 16. Nxa5 Bc8 17. b4 Ra6 18. dxc5 Rxa5 19. bxa5 Rb2 20. Qa4 Ba6
21. Qa3 Ne5 22. Nxe5 Rxd2 23. Nc4 Re2 24. Qb3 Bd4 25. Rc2 Rxf2 26. Rcxf2 Qg3
27. Nd6 1-0

[Event "POHÁR města Říčany 2024"]
[Site "Městské kulturní středisko U labutě"]
[Date "2024.07.05"]
[Round "8.12"]
[White "Veverka, Vladimir"]
[Black "Cabela, Filip"]
[Result "1-0"]
[WhiteElo "1968"]
[BlackElo "1903"]
[WhiteFideId "23716568"]
[BlackFideId "23753552"]
[PlyCount "0"]
[EventDate "2024.06.29"]

1. d4 Nf6 2. c4 e6 3. Nf3 d5 4. Nc3 Bb4 5. Bg5 h6 6. Bh4 c5 7. cxd5 Qa5 8. Qb3
g5 9. Bg3 Ne4 10. Rc1 g4 11. dxe6 gxf3 12. exf7+ Kf8 13. Be5 Nc6 14. Bxh8 Nxd4
15. Bxd4 cxd4 16. a3 Bc5 17. Qa4 Qxa4 18. Nxa4 d3 19. exd3 Bxf2+ 20. Kd1 fxg2
21. Bxg2 Bg4+ 22. Kc2 Rc8+ 23. Nc3 Nc5 24. Rhf1 Bf5 25. Rxf2 Bxd3+ 26. Kd1 Nb3
27. Bd5 Nxc1 28. Kxc1 1-0

[Event "POHÁR města Říčany 2024"]
[Site "Městské kulturní středisko U labutě"]
[Date "2024.07.05"]
[Round "8.13"]
[White "Vavrinec, Tomas"]
[Black "Madle, Robin"]
[Result "1-0"]
[WhiteElo "1922"]
[BlackElo "1889"]
[WhiteFideId "318353"]
[BlackFideId "393886"]
[PlyCount "0"]
[EventDate "2024.06.29"]

1. Nf3 Nf6 2. c4 c5 3. Nc3 Nc6 4. g3 g6 5. Bg2 Bg7 6. O-O O-O 7. d4 cxd4
8. Nxd4 Nxd4 9. Qxd4 d6 10. Qd3 a6 11. Be3 Bf5 12. Qd2 Qc8 13. Rac1 Bh3 14. Nd5
Nxd5 15. cxd5 Qd7 16. Bxh3 Qxh3 17. Rc7 Bf6 18. Rfc1 b5 19. Bd4 Bxd4 20. Qxd4
Rac8 21. Qe4 Rfe8 22. b4 Kf8 23. R7c6 f6 24. f3 Kf7 25. Qe6+ 1-0

[Event "POHÁR města Říčany 2024"]
[Site "Městské kulturní středisko U labutě"]
[Date "2024.07.05"]
[Round "8.14"]
[White "Gacho, Ondrej"]
[Black "Skala, Jaromir"]
[Result "1-0"]
[WhiteElo "1765"]
[BlackElo "1914"]
[WhiteFideId "23718102"]
[BlackFideId "325805"]
[PlyCount "0"]
[EventDate "2024.06.29"]

1. e4 e5 2. Nf3 Nc6 3. d4 exd4 4. Nxd4 Nf6 5. Nxc6 bxc6 6. e5 Qe7 7. Qe2 Nd5
8. h4 d6 9. c4 Nb6 10. Bf4 Nd7 11. exd6 Qxe2+ 12. Bxe2 Bxd6 13. Bxd6 cxd6
14. Nc3 Nf6 15. O-O-O Kd7 16. Bf3 Ba6 17. b3 Rhe8 18. g4 Re5 19. g5 Ne8 20. Rhe1
Rxe1 21. Rxe1 Nc7 22. Ne4 Ne6 23. Rd1 d5 24. cxd5 cxd5 25. Rxd5+ Ke7 26. Nd6 Rb8
27. Rd2 Rb4 28. Nf5+ Kf8 29. Rd7 Rf4 30. Be4 Rxe4 31. Rxa7 Bb5 32. Ra8+ Be8
33. Rxe8+ 1-0

[Event "POHÁR města Říčany 2024"]
[Site "Městské kulturní středisko U labutě"]
[Date "2024.07.05"]
[Round "8.16"]
[White "Kaplanova, Dominika"]
[Black "Horyna, Josef"]
[Result "1-0"]
[WhiteElo "1912"]
[BlackElo "1805"]
[WhiteFideId "23737344"]
[BlackFideId "316369"]
[PlyCount "0"]
[EventDate "2024.06.29"]

1. e4 e6 2. d4 d5 3. e5 c5 4. c3 Nc6 5. Nf3 Bd7 6. Be2 Qb6 7. O-O cxd4 8. cxd4
Nge7 9. Nc3 Nf5 10. Na4 Qd8 11. b3 Rc8 12. Bb2 Nh4 13. Rc1 Nxf3+ 14. Bxf3 b6
15. Be2 Na5 16. Nc3 Be7 17. Nb5 a6 18. Na3 b5 19. Nc2 O-O 20. Bd3 f5 21. exf6
Rxf6 22. Ne3 Bd6 23. Ng4 Rf8 24. Rxc8 Bxc8 25. Ne5 Bxe5 26. dxe5 Rf7 27. Qd2 Nc6
28. Qc2 Rc7 29. Bxh7+ Kh8 30. Rc1 Bb7 31. Bd3 Qg5 32. Qc5 Rc8 33. Qe3 Qxe3
34. fxe3 Ne7 35. Rxc8+ Nxc8 36. Ba3 g5 37. Bg6 Bc6 38. Bc5 Kg7 39. Bd3 Kf7
40. Kf2 Ne7 41. Bxe7 Kxe7 42. Kg3 a5 43. Kg4 b4 44. Kxg5 d4 45. exd4 Bxg2 46. h4
Kf7 47. h5 Bc6 48. Bg6+ Kg8 49. Kf6 a4 50. Kxe6 axb3 51. axb3 1-0

[Event "POHÁR města Říčany 2024"]
[Site "Městské kulturní středisko U labutě"]
[Date "2024.07.05"]
[Round "8.17"]
[White "Hronik, Petr"]
[Black "Dudkova, Josefina"]
[Result "0-1"]
[WhiteElo "1907"]
[BlackElo "1794"]
[WhiteFideId "336700"]
[BlackFideId "23712350"]
[PlyCount "0"]
[EventDate "2024.06.29"]

1. d4 Nf6 2. c3 g6 3. Bf4 Bg7 4. e3 O-O 5. h3 d5 6. Nf3 c5 7. Nbd2 Qb6 8. Qb3
c4 9. Qxb6 axb6 10. Bxb8 Rxb8 11. b3 b5 12. Be2 Bd7 13. O-O Rfc8 14. bxc4 bxc4
15. Rab1 b5 16. Bd1 Ra8 17. Rb2 Ra3 18. Nb1 Ra5 19. Ne1 Ne4 20. Nc2 e5 21. f3
Nd6 22. Nb4 exd4 23. exd4 Be6 24. a4 Nf5 25. Nc2 bxa4 26. g4 Nd6 27. Nba3 f5
28. Rb1 fxg4 29. hxg4 h5 30. gxh5 gxh5 31. Rb6 Bf8 32. Nb4 Bf5 33. Rf2 Re8
34. Rg2+ Kh7 35. Kf2 h4 36. Rg5 h3 37. Kg3 Be7 38. Rh5+ Kg6 39. f4 Rg8 40. Nc6
Kf7+ 41. Kh2 Rg2+ 42. Kh1 Be4 43. Ne5+ Kg7 44. Bf3 Bxf3 45. Nxf3 Rg3 46. Ne5
Rxc3 47. Nc6 Rxa3 48. Nxe7 Rb5 49. Rxd6 Rb1+ 50. Kh2 Rb2+ 0-1

[Event "POHÁR města Říčany 2024"]
[Site "Městské kulturní středisko U labutě"]
[Date "2024.07.05"]
[Round "8.18"]
[White "Blumel, Otto"]
[Black "Jirousek, Tadeas"]
[Result "1-0"]
[WhiteElo "1907"]
[BlackElo "1831"]
[WhiteFideId "303852"]
[BlackFideId "382353"]
[PlyCount "0"]
[EventDate "2024.06.29"]

1. e4 c5 2. Nc3 Nc6 3. Nf3 e6 4. Bb5 Qc7 5. O-O g6 6. d4 cxd4 7. Nd5 exd5
8. exd5 Bg7 9. dxc6 dxc6 10. Re1+ Ne7 11. Bg5 Be6 12. Nxd4 O-O-O 13. Nxe6 Rxd1
14. Nxc7 Rxa1 15. Rxa1 Kxc7 16. Bf1 Bxb2 17. Re1 Nf5 18. Bf4+ Kd7 19. Rb1 Bd4
20. Rxb7+ Ke8 21. Bc4 Ne7 22. Be3 Bf6 23. Rxa7 Nd5 24. Bc5 h5 25. a4 Bd8 26. a5
h4 27. a6 Rh5 28. f4 Nxf4 29. Bxf7# 1-0

[Event "POHÁR města Říčany 2024"]
[Site "Městské kulturní středisko U labutě"]
[Date "2024.07.05"]
[Round "8.19"]
[White "Meca, Viktor"]
[Black "Sedlak, Milan"]
[Result "1-0"]
[WhiteElo "1786"]
[BlackElo "1953"]
[WhiteFideId "23739800"]
[BlackFideId "23746149"]
[PlyCount "0"]
[EventDate "2024.06.29"]

1. e4 d6 2. d4 Nf6 3. Nc3 c6 4. f4 Qa5 5. Bd3 e5 6. Nf3 Bg4 7. fxe5 dxe5
8. dxe5 Nfd7 9. e6 fxe6 10. h3 Qh5 11. Rf1 Bxf3 12. Qxf3 Qxf3 13. gxf3 Be7
14. Bc4 Bh4+ 15. Ke2 Ke7 16. a4 a5 17. Rg1 g6 18. f4 Bf6 19. e5 Bg7 20. Be3 Na6
21. Bxa6 Rxa6 22. Ne4 b5 23. Rad1 Raa8 24. Rd6 Rac8 25. Ng5 Bh6 26. Rgd1 Rc7
27. Nxe6 Rb7 28. Nc5 Nxc5 29. Bxc5 Kf7 30. e6+ 1-0

[Event "POHÁR města Říčany 2024"]
[Site "Městské kulturní středisko U labutě"]
[Date "2024.07.05"]
[Round "8.22"]
[White "Petrasek, Jiri"]
[Black "Lizner, Milan"]
[Result "1-0"]
[WhiteElo "1788"]
[BlackElo "1847"]
[WhiteFideId "23735880"]
[BlackFideId "324256"]
[PlyCount "0"]
[EventDate "2024.06.29"]

1. e4 c5 2. Nf3 Nc6 3. Bb5 g6 4. Bxc6 bxc6 5. d3 Bg7 6. O-O Nf6 7. Nc3 O-O
8. h3 d6 9. Be3 Qa5 10. Nd2 Ba6 11. Nb3 Qc7 12. Bf4 e5 13. Bg5 c4 14. Nc1 cxd3
15. cxd3 Ne8 16. Nb3 f5 17. Re1 fxe4 18. Rxe4 Nf6 19. Rc1 Rad8 20. Nd5 Qb7
21. Na5 Qxb2 22. Nxc6 Rfe8 23. Nc7 1-0

[Event "POHÁR města Říčany 2024"]
[Site "Městské kulturní středisko U labutě"]
[Date "2024.07.05"]
[Round "8.23"]
[White "Rous, Dominik"]
[Black "Rossler, Erik"]
[Result "0-1"]
[WhiteElo "1719"]
[BlackElo "1797"]
[WhiteFideId "375993"]
[BlackFideId "23719761"]
[PlyCount "0"]
[EventDate "2024.06.29"]

1. b3 d5 2. Bb2 e6 3. e3 Nf6 4. Nf3 Be7 5. d4 b6 6. c4 c5 7. Nbd2 Bb7 8. Be2
Nbd7 9. O-O O-O 10. Rc1 Rc8 11. h3 Qc7 12. Qc2 Rfd8 13. Bd3 Nf8 14. Ne5 Ng6
15. f4 cxd4 16. Bxd4 Bc5 17. Ndf3 Bxd4 18. Nxd4 Nxe5 19. fxe5 Qxe5 20. Qf2 Rd7
21. Nf3 Qd6 22. Nd4 dxc4 23. Rxc4 Rxc4 24. Bxc4 Ne4 25. Qh4 Bd5 26. Bd3 Qg3
27. Qxg3 Nxg3 28. Rc1 g6 29. Bb5 Re7 30. Ba6 Kg7 31. Rc8 Bb7 32. Bxb7 Rxb7
33. Ra8 Nf5 34. Nb5 Nxe3 35. Rxa7 Rxa7 36. Nxa7 Kf8 37. a4 Nd5 38. Kf2 Ke8
39. Nb5 Kd7 40. Kf3 Kc6 41. Ke4 Kc5 42. Na7 Kb4 43. Nc6+ Kxb3 44. a5 bxa5 0-1

[Event "POHÁR města Říčany 2024"]
[Site "Městské kulturní středisko U labutě"]
[Date "2024.07.05"]
[Round "8.24"]
[White "Voracek, Zdenek"]
[Black "Kubicek, Daniel"]
[Result "0-1"]
[WhiteElo "1914"]
[BlackElo "1791"]
[WhiteFideId "331880"]
[BlackFideId "23718838"]
[PlyCount "0"]
[EventDate "2024.06.29"]

1. d4 f5 2. Nd2 Nf6 3. e3 d5 4. Bd3 e6 5. Ne2 Bd6 6. c4 c6 7. O-O h5 8. f4 h4
9. h3 Bd7 10. Nf3 Ne4 11. b3 Be7 12. Kh2 g5 13. Bxe4 fxe4 14. Ne5 Na6 15. Ng6
Rg8 16. Nxe7 Qxe7 17. Bd2 O-O-O 18. Bc3 Rg7 19. Rf2 Rdg8 20. fxg5 Rxg5 21. Qd2
e5 22. dxe5 Rxe5 23. Raf1 Reg5 24. Kh1 R5g6 25. Bf6 Qh7 26. Be5 Qe7 27. Bf6 Qh7
28. cxd5 Nc5 29. dxc6 bxc6 30. Bd4 Ne6 31. Rf7 Qh5 32. Bxa7 Be8 33. R7f5 Rxg2
34. Qd6 Qxf5 35. Rxf5 Nc7 36. Bb6 R2g7 37. Bxc7 Bd7 38. Rf8+ 0-1

[Event "POHÁR města Říčany 2024"]
[Site "Městské kulturní středisko U labutě"]
[Date "2024.07.05"]
[Round "8.25"]
[White "Artamonov, Mikhail"]
[Black "Rubin, Andrej"]
[Result "1-0"]
[WhiteElo "1800"]
[BlackElo "1853"]
[WhiteFideId "23732946"]
[BlackFideId "23751738"]
[PlyCount "0"]
[EventDate "2024.06.29"]

1. e4 c5 2. Nf3 d6 3. c4 e5 4. Nc3 Nc6 5. d3 g6 6. Be2 Nge7 7. O-O Bg7 8. Nd5
O-O 9. Bg5 h6 10. Bxe7 Nxe7 11. Nxe7+ Qxe7 12. Ne1 f5 13. exf5 gxf5 14. Bf3 Rb8
15. Nc2 Be6 16. Ne3 b5 17. Rb1 bxc4 18. dxc4 e4 19. Be2 Rxb2 20. Rxb2 Bxb2
21. Nd5 Bxd5 22. Qxd5+ Kh8 23. Rb1 Be5 24. Rb7 Qh4 25. g3 Qg5 26. Rxa7 Rg8
27. a4 h5 28. Qf7 Rg7 29. Ra8+ Kh7 30. Qxh5+ Qxh5 31. Bxh5 Kh6 32. Be2 f4
33. Rh8+ Kg5 34. gxf4+ Kxf4+ 35. Kh1 Ra7 36. Rf8+ Kg5 37. Bd1 Bxh2 38. Rh8 Be5
39. Rh5+ Kg6 40. Rh4 Kg5 41. Rxe4 Kf5 42. Bc2 Kg5 43. f3 Rf7 44. Kg2 Ra7
45. Rg4+ Kf6 46. f4 Bd4 47. Rh4 Ra6 48. Rh8 Ke7 49. Kf3 Bf6 50. Ke4 Ra8 51. Rh7+
Ke8 52. Kf5 Bd4 53. Ke6 Ra6 54. f5 Rb6 55. Re7+ Kf8 56. Rd7 Be5 57. f6 Rb8
58. a5 Ra8 59. Be4 Rc8 60. a6 1-0

[Event "POHÁR města Říčany 2024"]
[Site "Městské kulturní středisko U labutě"]
[Date "2024.07.05"]
[Round "8.26"]
[White "Zabehlicky, Jiri"]
[Black "Stork, Rostislav"]
[Result "1/2-1/2"]
[WhiteElo "1653"]
[BlackElo "1808"]
[WhiteFideId "339059"]
[BlackFideId "354988"]
[PlyCount "0"]
[EventDate "2024.06.29"]

1. e4 e5 2. Nf3 Nf6 3. Nxe5 d6 4. Nc4 Nxe4 5. Nc3 Nxc3 6. dxc3 Be7 7. Bf4 O-O
8. Be2 Nc6 9. O-O Be6 10. Bg3 Bh4 11. Bxh4 Qxh4 12. Ne3 Rfe8 13. Bf3 Re7 14. Qd2
Rae8 15. g3 Qg5 16. Rad1 Qf6 17. Bg2 Ne5 18. Nd5 Bxd5 19. Qxd5 b6 20. Rd4 Qg6
21. Be4 Qh6 22. Bg2 Qg6 23. Be4 Qh6 1/2-1/2

[Event "POHÁR města Říčany 2024"]
[Site "Městské kulturní středisko U labutě"]
[Date "2024.07.05"]
[Round "8.28"]
[White "Pesek, Jan Antonin"]
[Black "Kalvach, Ladislav"]
[Result "0-1"]
[WhiteElo "1635"]
[BlackElo "1873"]
[WhiteFideId "23745010"]
[BlackFideId "317284"]
[PlyCount "0"]
[EventDate "2024.06.29"]

1. d4 Nf6 2. Nf3 b6 3. e3 e6 4. Bd3 Bb7 5. Nbd2 d5 6. O-O Nbd7 7. b3 Be7 8. Bb2
O-O 9. Ne5 c5 10. f4 Rc8 11. Rf3 Ne4 12. Rh3 Ndf6 13. g4 g6 14. g5 Nh5 15. Ng4
f6 16. Bxe4 dxe4 17. dxc5 Rxc5 18. Rxh5 gxh5 19. gxf6 Bxf6 20. Bxf6 Rxf6
21. Nxf6+ Qxf6 22. Nc4 Rd5 23. Qe1 h4 24. Rd1 Qg6+ 25. Kf1 h3 26. Rd2 Ba6
27. Qe2 Qg7 28. Rxd5 exd5 29. Qh5 Qg2+ 30. Ke1 dxc4 31. Qe8+ Kg7 32. Qe7+ Kg6
33. f5+ Kxf5 34. Qxh7+ Ke6 35. Qxa7 Qg1+ 36. Ke2 Qxh2+ 37. Ke1 Qg3+ 38. Ke2 Qf3+
39. Ke1 Qxe3+ 40. Kf1 Qc1+ 41. Kf2 Qxc2+ 42. Kg3 Qd3+ 43. Kh4 cxb3 44. Qxb6+ Ke5
45. axb3 e3 46. Qa5+ Bb5 47. Qc7+ Kd4 48. Qd8+ Kc3 49. Qc7+ Kxb3 50. Qh2 e2
51. Kg4 e1=Q 52. Qb8 0-1

[Event "POHÁR města Říčany 2024"]
[Site "Městské kulturní středisko U labutě"]
[Date "2024.07.05"]
[Round "8.29"]
[White "Glasberger, Roman"]
[Black "Lavrincik, Pavel"]
[Result "1/2-1/2"]
[WhiteElo "1698"]
[BlackElo "1812"]
[WhiteFideId "398799"]
[BlackFideId "320188"]
[PlyCount "0"]
[EventDate "2024.06.29"]

1. d4 d6 2. Nf3 Nf6 3. c4 g6 4. g3 Bg7 5. Bg2 O-O 6. O-O Nbd7 7. Nc3 c6 8. e4
e5 9. d5 cxd5 10. cxd5 Nc5 11. Re1 a5 12. Qc2 h6 13. Be3 b6 14. h3 Nh5 15. Bxc5
bxc5 16. Kh2 f5 17. Nh4 Qf6 18. exf5 gxf5 19. Qe2 Qf7 20. Bf3 Nf6 21. Qd2 Rb8
22. Rad1 e4 23. Be2 Bd7 24. a4 Rb4 25. Nb5 Ne8 26. b3 Qf6 27. Bc4 Kh7 28. Ng2
Bxb5 29. Bxb5 Qd4 30. Qc2 Qe5 31. Nf4 Qb2 32. Qxb2 Bxb2 33. Bc4 Nf6 34. Kg2 Re8
35. Re2 Be5 36. Ne6 Rg8 37. Kf1 h5 38. h4 Ng4 39. Ng5+ Kg6 40. Kg2 Re8 41. Rde1
Bc3 42. Rc1 Bf6 43. Ne6 Ne5 44. Bb5 Rb8 45. Rb1 Nf3 46. Re3 Nd4 47. Nxd4 cxd4
48. Ree1 Rc8 49. Bc4 Be5 50. Rbd1 d3 51. f3 d2 52. Re2 exf3+ 53. Kxf3 Kf6
54. Rdxd2 Rg8 55. Rg2 Rg4 56. Rd3 Rb8 57. Ke2 Rbg8 58. Kf2 Re4 59. Rf3 Reg4
60. Bd3 Bd4+ 61. Kf1 f4 62. Rxf4+ Rxf4+ 63. gxf4 Rb8 64. Rg6+ Ke7 65. Re6+ Kd7
66. Bb5+ Kc7 67. Re7+ Kb6 68. Rd7 Kc5 69. Bc4 Rf8 70. Ke2 Rxf4 71. Rc7+ Kb4
72. Rb7+ Kc3 73. Rb5 Rxh4 74. Rxa5 Re4+ 75. Kf3 Re3+ 76. Kg2 h4 77. Ra8 h3+
78. Kh1 Be5 79. Bf1 Re1 80. Rf8 h2 81. Kg2 Kxb3 82. a5 Ra1 83. a6 Kb4 84. Kh1
Kc5 85. Rf7 Kb6 86. Kg2 Ra3 87. Kh1 Rg3 88. Bg2 Ra3 89. Bf1 Ra1 90. a7 Ra3
91. Kg2 Ra2+ 92. Kh1 Ra4 93. Bg2 Ra1+ 94. Bf1 1/2-1/2